00476nam a22001337a 4500008004100000020001600041050002400057100002400081245011900105260004000224300002800264500002000292650003000312160701b xxu||||| |||| 00| 0 eng d a09655558533 aHV 1569.5 .W47 1998 aWerner, Davidd1998 aNothing about us without us :bdeveloping innovative technologies for, by and with disabled persond/cDavid Werner aPalo Alto :bHealth Rights.,c1998. aix, 350p.:bill;c28cm. aIncludes index. aPeople with disabilities.